[Event "FIDE Open World Blitz 2021"]
[Site "Warsaw"]
[Date "2021.12.29"]
[Round "10.16"]
[White "Artemiev, Vladislav"]
[Black "Muradli, Mahammad"]
[Result "1-0"]
[WhiteElo "2699"]
[BlackElo "2571"]
[Annotator "ChessBase"]
[PlyCount "103"]
[EventDate "2021.12.29"]
[EventType "swiss"]
[EventCountry "POL"]
[Tiebreak "Cut1 Buchholz"]
[SourceTitle "playchess.com"]
[Source "ChessBase"]
[SourceQuality "1"]

1. Nf3 Nf6 2. g3 d5 3. Bg2 c6 4. O-O Bg4 5. d4 e6 6. Nbd2 Nbd7 7. Re1 Be7 8. e4
dxe4 9. Nxe4 Nxe4 10. Rxe4 Nf6 11. Re1 O-O 12. c3 Qb6 13. Qb3 Rfd8 14. Ne5 Bf5
15. Nc4 Qa6 16. a4 Nd5 17. Bf1 Bg6 18. Bd2 c5 19. Ne5 Qb6 20. Qxb6 axb6 21.
dxc5 Bxc5 22. Nxg6 hxg6 23. Red1 Nf6 24. Bb5 Ng4 25. Be1 Ne5 26. Kg2 Nc6 27.
Bd2 Ne7 28. b4 Bd6 29. Bg5 f6 30. Be3 Nd5 31. Bd4 Rac8 32. c4 Nxb4 33. Bxb6 Bc7
34. Rxd8+ Bxd8 35. Bd7 Ra8 36. Bxe6+ Kf8 37. Bxd8 Rxd8 38. Rb1 Na6 39. Bd5 Nc5
40. Rb5 Nxa4 41. Rxb7 Nc3 42. Rf7+ Ke8 43. Rxg7 g5 44. Rg8+ Ke7 45. Rxd8 Kxd8
46. h4 gxh4 47. gxh4 Ke7 48. Kf3 f5 49. Ke3 Kf6 50. Kd3 Nd1 51. f3 Nb2+ 52. Kd4
1-0

[Event "FIDE Open World Blitz 2021"]
[Site "Warsaw"]
[Date "2021.12.29"]
[Round "10.16"]
[White "Shoker, Samy"]
[Black "Mikhalevski, Victor"]
[Result "0-1"]
[WhiteElo "2504"]
[BlackElo "2577"]
[Annotator "ChessBase"]
[PlyCount "139"]
[EventDate "2021.12.29"]
[EventType "swiss"]
[EventCountry "POL"]
[Tiebreak "Cut1 Buchholz"]
[SourceTitle "playchess.com"]
[Source "ChessBase"]
[SourceQuality "1"]

1. Nf3 Nf6 2. g3 g6 3. Bg2 Bg7 4. O-O O-O 5. c4 c6 6. d3 d5 7. Qa4 a5 8. cxd5
Nxd5 9. d4 Nd7 10. Nc3 N7b6 11. Qd1 a4 12. e4 Nc7 13. Re1 Bg4 14. e5 Ne6 15.
Be3 Nc4 16. Qe2 Nxe3 17. fxe3 Ng5 18. Qf1 Nxf3+ 19. Bxf3 Bxf3 20. Qxf3 Qb6 21.
Rab1 f6 22. exf6 exf6 23. Qe2 Kh8 24. Qc4 Qa5 25. Rbd1 f5 26. a3 Qa6 27. Qb4
Rfe8 28. d5 cxd5 29. Nxd5 Qc6 30. Rd3 Re4 31. Qd2 Rc8 32. Nb4 Qe8 33. Nd5 Rec4
34. Nb4 Bh6 35. Qg2 Qe7 36. Qd5 Re4 37. Kg2 Bxe3 38. Qd7 Re8 39. Qxe7 R8xe7 40.
Nd5 Rd7 41. Rexe3 Rxe3 42. Rxe3 Rxd5 43. Re8+ Kg7 44. Re7+ Kf6 45. Rxb7 Rd2+
46. Kg1 h5 47. Rb4 g5 48. Rxa4 Rxb2 49. Rb4 Ra2 50. a4 Ke5 51. h3 f4 52. gxf4+
gxf4 53. Kf1 h4 54. Kg1 Ra3 55. Kg2 Rg3+ 56. Kh2 Rg6 57. a5 f3 58. Rb2 Ke4 59.
Ra2 Ra6 60. Kg1 Ke3 61. Kf1 Rc6 62. Ra3+ Kf4 63. a6 Rc1+ 64. Kf2 Rc2+ 65. Ke1
Rc1+ 66. Kf2 Rc2+ 67. Ke1 Rc1+ 68. Kf2 Rc2+ 69. Ke1 Rc1+ 70. Kf2 0-1

[Event "FIDE Open World Blitz 2021"]
[Site "Warsaw"]
[Date "2021.12.29"]
[Round "10.17"]
[White "Giri, Anish"]
[Black "Timofeev, Artyom"]
[Result "1-0"]
[WhiteElo "2774"]
[BlackElo "2586"]
[Annotator "TA"]
[PlyCount "129"]
[EventDate "2021.12.29"]
[EventType "swiss"]
[EventCountry "POL"]
[Tiebreak "Cut1 Buchholz"]
[SourceTitle "playchess.com"]
[Source "ChessBase"]
[SourceQuality "1"]

1. e4 c5 2. Nf3 Nc6 3. Bb5 d6 4. O-O Bd7 5. Re1 a6 6. Bxc6 Bxc6 7. d4 cxd4 8.
Nxd4 Rc8 9. c4 Nf6 10. Nc3 e6 11. Nd5 Bd7 12. Nf5 Bc6 13. Nxf6+ gxf6 14. Nd4
Bd7 15. b3 b5 16. cxb5 axb5 17. a4 bxa4 18. bxa4 Ra8 19. Bd2 Bg7 20. Nb5 O-O
21. Bc3 Qb6 22. Bd4 Qb8 23. Qb3 e5 24. Be3 f5 25. exf5 Bxf5 26. Qd5 Rd8 27. Qf3
Be6 28. Bg5 f6 29. Bh4 d5 30. Nd4 exd4 31. Rxe6 Rxa4 32. Rd1 Qb7 33. Bxf6 Qf7
34. Qg3 Rd7 35. Rc6 Ra8 36. Bxd4 Rf8 37. h3 Qf4 38. Qxf4 Rxf4 39. Rc8+ Kf7 40.
Bxg7 Kxg7 41. Rc5 d4 42. Rd3 Re4 43. g3 Rf7 44. Rg5+ Kh6 45. Rg4 Rxg4 46. hxg4
Rd7 47. f4 Kg6 48. Kf2 Kf6 49. Kf3 h6 50. Ke4 Rg7 51. Kf3 Rd7 52. Rd2 d3 53.
Ke3 Rg7 54. Rh2 Rg6 55. Kxd3 Rxg4 56. Rxh6+ Kf5 57. Rh5+ Kf6 58. Rh3 Kf5 59.
Ke3 Rg8 60. Kf3 Ra8 61. Rh5+ Kg6 62. Rg5+ Kf6 63. Rb5 Ra3+ 64. Kg4 Kg7 65. Rb6
1-0

[Event "FIDE Open World Blitz 2021"]
[Site "Warsaw"]
[Date "2021.12.29"]
[Round "10.17"]
[White "Postny, Evgeny"]
[Black "Corrales Jimenez, Fidel"]
[Result "0-1"]
[WhiteElo "2557"]
[BlackElo "2523"]
[Annotator "ChessBase"]
[PlyCount "86"]
[EventDate "2021.12.29"]
[EventType "swiss"]
[EventCountry "POL"]
[Tiebreak "Cut1 Buchholz"]
[SourceTitle "playchess.com"]
[Source "ChessBase"]
[SourceQuality "1"]

1. d4 Nf6 2. Nf3 g6 3. c4 Bg7 4. e3 O-O 5. Be2 b6 6. O-O Bb7 7. Nc3 d5 8. cxd5
Nxd5 9. Bd2 Nd7 10. Nxd5 Bxd5 11. Qc2 c5 12. e4 Bb7 13. d5 Re8 14. Bc3 e6 15.
Bxg7 Kxg7 16. d6 e5 17. Rad1 Nf6 18. Bd3 Bc6 19. b4 Qxd6 20. Bb5 Qc7 21. Bxc6
Qxc6 22. bxc5 Rac8 23. Rc1 bxc5 24. Nd2 Red8 25. Nc4 Qe6 26. f3 Rd4 27. Qc3 h5
28. Rf2 h4 29. h3 Nh5 30. Ne3 Nf4 31. Rfc2 c4 32. Kh2 Nd3 33. Rb1 Qf6 34. Nd5
Qg5 35. Qa5 Qg3+ 36. Kg1 Nf4 37. Nxf4 Qxf4 38. Qxa7 Rcd8 39. Rf1 Rd2 40. Rxd2
Rxd2 41. Rf2 c3 42. Qc5 c2 43. Rf1 Qg3 0-1

[Event "FIDE Open World Blitz 2021"]
[Site "Warsaw"]
[Date "2021.12.29"]
[Round "10.18"]
[White "Rapport, Richard"]
[Black "Cheparinov, Ivan"]
[Result "1-0"]
[WhiteElo "2763"]
[BlackElo "2594"]
[Annotator "ChessBase"]
[PlyCount "97"]
[EventDate "2021.12.29"]
[EventType "swiss"]
[EventCountry "POL"]
[Tiebreak "Cut1 Buchholz"]
[SourceTitle "playchess.com"]
[Source "ChessBase"]
[SourceQuality "1"]

1. e4 e5 2. Nf3 Nc6 3. g3 Nf6 4. d3 d5 5. exd5 Nxd5 6. Bg2 Bc5 7. O-O O-O 8. a3
a5 9. Nc3 Nf6 10. Be3 Bxe3 11. fxe3 Qe7 12. Nh4 g6 13. Bxc6 bxc6 14. Qf3 Nd5
15. Nxd5 cxd5 16. Qxd5 Bh3 17. Rf2 a4 18. Nf3 Rfe8 19. Qe4 Bf5 20. Qh4 Qxh4 21.
Nxh4 Bh3 22. Nf3 h6 23. Nd2 Rab8 24. b4 axb3 25. Nxb3 e4 26. d4 f5 27. a4 Rb4
28. a5 Ra8 29. a6 Rb6 30. Nc5 h5 31. c3 Kh7 32. Rfa2 Ra7 33. Kf2 Kh6 34. Ke2 h4
35. Kd2 Kh5 36. Nd7 Rd6 37. Ne5 c5 38. Ra5 cxd4 39. cxd4 Rb6 40. Nc4 Rc6 41.
R5a4 Kg5 42. d5 Rc5 43. d6 Rd5+ 44. Kc3 Bg4 45. R4a2 Kf6 46. gxh4 Ke6 47. Rd2
Rxd2 48. Kxd2 Kd5 49. d7 1-0

[Event "FIDE Open World Blitz 2021"]
[Site "Warsaw"]
[Date "2021.12.29"]
[Round "10.18"]
[White "Nguyen, Thai Dai Van"]
[Black "Ponkratov, Pavel"]
[Result "1-0"]
[WhiteElo "2594"]
[BlackElo "2662"]
[Annotator "ChessBase"]
[PlyCount "131"]
[EventDate "2021.12.29"]
[EventType "swiss"]
[EventCountry "POL"]
[Tiebreak "Cut1 Buchholz"]
[SourceTitle "playchess.com"]
[Source "ChessBase"]
[SourceQuality "1"]

1. d4 Nf6 2. c4 e5 3. dxe5 Ng4 4. Bf4 g5 5. Bg3 Bg7 6. Nf3 Nc6 7. Nc3 Ngxe5 8.
Nxe5 Nxe5 9. e3 d6 10. h4 g4 11. h5 h6 12. Be2 Be6 13. Qc2 Qd7 14. Nd5 c6 15.
Nf4 Bf5 16. Qb3 O-O-O 17. O-O Qc7 18. Rfd1 Qb6 19. Qxb6 axb6 20. Rac1 Nd7 21.
Bd3 Bxd3 22. Nxd3 Nf6 23. Bh4 Rd7 24. Bxf6 Bxf6 25. b3 g3 26. f3 Bg5 27. f4 Bf6
28. Rf1 Re8 29. Rf3 Rde7 30. Re1 Kc7 31. Kf1 Rg8 32. e4 Rg4 33. Ree3 Rh4 34. e5
dxe5 35. Nxe5 Rxh5 36. Rxg3 Rh1+ 37. Ke2 Ra1 38. a4 h5 39. Rg8 Bxe5 40. fxe5
Ra2+ 41. Kf3 Kd7 42. Rh8 Re6 43. Rxh5 Rg6 44. g3 Ra1 45. Kf4 Rf1+ 46. Rf3 Rd1
47. Rg5 Rh6 48. Kg4 Ke6 49. Rgf5 Rg6+ 50. Rg5 Rh6 51. Rgf5 Rg6+ 52. Kh3 Rh6+
53. Kg2 Rh7 54. Rf6+ Ke7 55. g4 Rd2+ 56. Kg3 Rd1 57. R6f5 Rg1+ 58. Kf4 Rg7 59.
Rg5 Rh7 60. Rh5 Rg7 61. Rg5 Rh7 62. Kf5 Rd1 63. Rg8 Rd7 64. g5 Rh1 65. Rb8 Re1
66. Ra8 1-0

[Event "FIDE Open World Blitz 2021"]
[Site "Warsaw"]
[Date "2021.12.29"]
[Round "10.19"]
[White "Martirosyan, Haik M."]
[Black "Tang, Andrew"]
[Result "1-0"]
[WhiteElo "2624"]
[BlackElo "2588"]
[Annotator "ChessBase"]
[PlyCount "77"]
[EventDate "2021.12.29"]
[EventType "swiss"]
[EventCountry "POL"]
[Tiebreak "Cut1 Buchholz"]
[SourceTitle "playchess.com"]
[Source "ChessBase"]
[SourceQuality "1"]

1. d4 d5 2. c4 e6 3. Nf3 Nf6 4. g3 dxc4 5. Bg2 Nc6 6. Qa4 Bd7 7. Qxc4 Na5 8.
Qd3 c5 9. O-O Bc6 10. Nc3 Be7 11. Be3 c4 12. Qc2 O-O 13. Rad1 b5 14. a3 Qc7 15.
Bf4 Qb7 16. Rfe1 Rfd8 17. e4 b4 18. axb4 Qxb4 19. Ne5 Bb7 20. d5 Qb6 21. Qa4
Bc5 22. Re2 Rac8 23. Qc2 Bb4 24. Be3 Qc7 25. Bf4 Qb6 26. g4 exd5 27. exd5 Nd7
28. Nxd7 Rxd7 29. d6 Bxg2 30. Kxg2 Bxd6 31. Qf5 Rcd8 32. Ne4 Nb7 33. Red2 Qc6
34. f3 Kf8 35. Ng5 h6 36. Ne6+ Kg8 37. Nxd8 Rxd8 38. Bxd6 Rxd6 39. Rxd6 1-0

[Event "FIDE Open World Blitz 2021"]
[Site "Warsaw"]
[Date "2021.12.29"]
[Round "10.19"]
[White "Nasuta, Grzegorz"]
[Black "Krasenkow, Michal"]
[Result "1-0"]
[WhiteElo "2377"]
[BlackElo "2576"]
[Annotator "ChessBase"]
[PlyCount "45"]
[EventDate "2021.12.29"]
[EventType "swiss"]
[EventCountry "POL"]
[Tiebreak "Cut1 Buchholz"]
[SourceTitle "playchess.com"]
[Source "ChessBase"]
[SourceQuality "1"]

1. e4 g6 2. d4 Bg7 3. Nf3 d6 4. Nc3 Nf6 5. Be3 c6 6. Qd2 Bg4 7. Bh6 Bxh6 8.
Qxh6 Bxf3 9. gxf3 Qa5 10. O-O-O Nbd7 11. Kb1 c5 12. Bh3 cxd4 13. Bxd7+ Kxd7 14.
Rxd4 Rac8 15. Qe3 e5 16. Rd3 Rc6 17. Qg5 Nh5 18. Nd5 Re8 19. Rhd1 Qc5 20. R3d2
Re6 21. Qh6 Nf6 22. Qf8 Nxd5 23. exd5 1-0

[Event "FIDE Open World Blitz 2021"]
[Site "Warsaw"]
[Date "2021.12.29"]
[Round "10.20"]
[White "Anton Guijarro, David"]
[Black "Theodorou, Nikolas"]
[Result "1/2-1/2"]
[WhiteElo "2669"]
[BlackElo "2351"]
[Annotator "ChessBase"]
[PlyCount "74"]
[EventDate "2021.12.29"]
[EventType "swiss"]
[EventCountry "POL"]
[Tiebreak "Cut1 Buchholz"]
[SourceTitle "playchess.com"]
[Source "ChessBase"]
[SourceQuality "1"]

1. Nf3 Nf6 2. c4 g6 3. d4 Bg7 4. e3 O-O 5. Be2 c5 6. dxc5 Na6 7. O-O Nxc5 8. b4
Nce4 9. Bb2 d6 10. Nc3 Nxc3 11. Bxc3 Bd7 12. Qb3 Rc8 13. Rfd1 Qc7 14. Rac1 Qb8
15. a4 Rfd8 16. h3 h6 17. a5 e5 18. c5 Be6 19. Qb1 Nd5 20. Ba1 dxc5 21. bxc5
Ne7 22. a6 Rxd1+ 23. Rxd1 Bd5 24. axb7 Rxc5 25. Bxe5 Bxe5 26. Nxe5 Qxb7 27.
Qxb7 Bxb7 28. Rd7 Rxe5 29. Rxb7 a5 30. Bc4 Kf8 31. Rb8+ Kg7 32. Rb7 Kf8 33.
Rb8+ Kg7 34. Rb7 g5 35. Ra7 Kf8 36. Ra8+ Kg7 37. Ra7 Kf8 1/2-1/2

[Event "FIDE Open World Blitz 2021"]
[Site "Warsaw"]
[Date "2021.12.29"]
[Round "10.20"]
[White "Nihal Sarin"]
[Black "Oparin, Grigoriy"]
[Result "1/2-1/2"]
[WhiteElo "2650"]
[BlackElo "2580"]
[Annotator "ChessBase"]
[PlyCount "72"]
[EventDate "2021.12.29"]
[EventType "swiss"]
[EventCountry "POL"]
[Tiebreak "Cut1 Buchholz"]
[SourceTitle "playchess.com"]
[Source "ChessBase"]
[SourceQuality "1"]

1. e4 e5 2. Nf3 Nc6 3. Bb5 Nf6 4. d3 d6 5. O-O a6 6. Bxc6+ bxc6 7. d4 exd4 8.
Qxd4 Be7 9. e5 c5 10. Qd3 dxe5 11. Qxd8+ Bxd8 12. Nxe5 O-O 13. Be3 Re8 14. Nc6
c4 15. Nc3 Bd7 16. Nxd8 Raxd8 17. Rad1 Bf5 18. Rxd8 Rxd8 19. Rc1 Ne4 20. Nxe4
Bxe4 21. f3 Bg6 22. Kf2 f6 23. Ke2 Rd5 24. Bd2 Re5+ 25. Kf2 Rd5 26. Bc3 Kf7 27.
Ke3 Ke6 28. b3 cxb3 29. cxb3 Rc5 30. Re1 Kd7 31. Kd2 Rd5+ 32. Kc1 Rd6 33. Bb4
Rc6+ 34. Kd1 Rc2 35. Re7+ Kc8 36. Re2 Rxe2 1/2-1/2

[Event "FIDE Open World Blitz 2021"]
[Site "Warsaw"]
[Date "2021.12.29"]
[Round "10.21"]
[White "Abdusattorov, Nodirbek"]
[Black "Gajewski, Grzegorz"]
[Result "1-0"]
[WhiteElo "2646"]
[BlackElo "2589"]
[Annotator "ChessBase"]
[PlyCount "63"]
[EventDate "2021.12.29"]
[EventType "swiss"]
[EventCountry "POL"]
[Tiebreak "Cut1 Buchholz"]
[SourceTitle "playchess.com"]
[Source "ChessBase"]
[SourceQuality "1"]

1. c4 e5 2. Nc3 Bb4 3. Nd5 Be7 4. d4 d6 5. Nf3 Nf6 6. Nc3 exd4 7. Nxd4 d5 8.
Bf4 a6 9. e3 O-O 10. Nf3 dxc4 11. Bxc4 b5 12. Bd3 Bb7 13. O-O Nbd7 14. Qe2 c5
15. Rfd1 Qb6 16. Bf5 Rad8 17. e4 g6 18. e5 gxf5 19. exf6 Bxf6 20. Rd6 Qa5 21.
Rad1 Rfe8 22. Qc2 Bxc3 23. bxc3 Nf8 24. Qxf5 Rxd6 25. Bxd6 Qa4 26. Rd2 Ne6 27.
Ne5 Qf4 28. Qxf4 Nxf4 29. f3 c4 30. Ng4 Nh5 31. Kf2 Rd8 32. Nh6+ 1-0

[Event "FIDE Open World Blitz 2021"]
[Site "Warsaw"]
[Date "2021.12.29"]
[Round "10.21"]
[White "Nevednichy, Vladislav"]
[Black "Efimenko, Zahar"]
[Result "0-1"]
[WhiteElo "2379"]
[BlackElo "2601"]
[Annotator "ChessBase"]
[PlyCount "68"]
[EventDate "2021.12.29"]
[EventType "swiss"]
[EventCountry "POL"]
[Tiebreak "Cut1 Buchholz"]
[SourceTitle "playchess.com"]
[Source "ChessBase"]
[SourceQuality "1"]

1. e4 g6 2. d4 Bg7 3. c3 d6 4. Nf3 Nf6 5. Bd3 O-O 6. O-O Nc6 7. Re1 e5 8. h3
Re8 9. Bc2 h6 10. d5 Ne7 11. c4 a5 12. Nc3 Nd7 13. a3 f5 14. Rb1 f4 15. b4 axb4
16. axb4 g5 17. c5 Nf6 18. Nh2 h5 19. f3 Ng6 20. Bd3 Bf8 21. c6 b6 22. Be2 Bh6
23. Bd2 Kh8 24. Ra1 Rxa1 25. Qxa1 g4 26. fxg4 hxg4 27. hxg4 Nh4 28. Nd1 Nxe4
29. Bc1 Bg7 30. Qa3 Ng3 31. Bf1 Qf6 32. Nf2 e4 33. Nh3 Qd4+ 34. Nf2 e3 0-1

[Event "FIDE Open World Blitz 2021"]
[Site "Warsaw"]
[Date "2021.12.29"]
[Round "10.22"]
[White "Movsesian, Sergei"]
[Black "Alekseenko, Kirill"]
[Result "0-1"]
[WhiteElo "2615"]
[BlackElo "2710"]
[Annotator "ChessBase"]
[PlyCount "84"]
[EventDate "2021.12.29"]
[EventType "swiss"]
[EventCountry "POL"]
[Tiebreak "Cut1 Buchholz"]
[SourceTitle "playchess.com"]
[Source "ChessBase"]
[SourceQuality "1"]

1. e4 c5 2. Nc3 Nc6 3. g3 g6 4. Bg2 Bg7 5. d3 Rb8 6. Be3 d6 7. Qd2 b5 8. Nge2
b4 9. Nd1 e5 10. a3 a5 11. axb4 axb4 12. O-O Nf6 13. h3 O-O 14. f4 exf4 15.
gxf4 Nh5 16. c3 Na5 17. Qc2 bxc3 18. bxc3 c4 19. d4 Nb3 20. Ra2 d5 21. f5 dxe4
22. Bxe4 Qh4 23. Bf2 Qxh3 24. Ne3 Nf6 25. Bg2 Qh6 26. fxg6 hxg6 27. Ra7 Re8 28.
Nxc4 Ng4 29. Bg3 Bf5 30. Rxf5 Rxe2 31. Qxe2 gxf5 32. Bxb8 Nxd4 33. Qe8+ Kh7 34.
Qxf7 Qc1+ 35. Bf1 Nf3+ 36. Kg2 Qc2+ 37. Kh3 Ng5+ 38. Kh4 Nxf7 39. Rxf7 Qf2+ 40.
Kg5 Qxf1 41. Nd6 Qc1+ 42. Kxf5 Nh6+ 0-1

[Event "FIDE Open World Blitz 2021"]
[Site "Warsaw"]
[Date "2021.12.29"]
[Round "10.22"]
[White "Petrovskyi, Vadym"]
[Black "Vastrukhin, Oleg"]
[Result "0-1"]
[WhiteElo "2377"]
[BlackElo "2588"]
[Annotator "ChessBase"]
[PlyCount "70"]
[EventDate "2021.12.29"]
[EventType "swiss"]
[EventCountry "POL"]
[Tiebreak "Cut1 Buchholz"]
[SourceTitle "playchess.com"]
[Source "ChessBase"]
[SourceQuality "1"]

1. e4 e6 2. d4 d5 3. Nc3 Bb4 4. e5 c5 5. a3 Bxc3+ 6. bxc3 Nc6 7. a4 Bd7 8. Nf3
Qa5 9. Bd2 c4 10. Be2 O-O-O 11. O-O f5 12. Qe1 Nh6 13. Ng5 Rdg8 14. Bc1 Nd8 15.
Ba3 Nhf7 16. Bb4 Qc7 17. Nxf7 Nxf7 18. a5 h5 19. f4 g5 20. fxg5 Nxg5 21. Kh1 h4
22. Bf3 h3 23. g3 Be8 24. Bc5 f4 25. gxf4 Nxf3 26. Rxf3 Bg6 27. f5 Bxf5 28.
Rxf5 exf5 29. Qf2 Qf7 30. Rf1 Rg2 31. Qe3 Qe6 32. Bd6 f4 33. Qxf4 Rhg8 34. Qh4
Qf5 35. Qe1 Rg1+ 0-1

[Event "FIDE Open World Blitz 2021"]
[Site "Warsaw"]
[Date "2021.12.29"]
[Round "10.23"]
[White "Vokhidov, Shamsiddin"]
[Black "Sargissian, Gabriel"]
[Result "1/2-1/2"]
[WhiteElo "2613"]
[BlackElo "2664"]
[Annotator "ChessBase"]
[PlyCount "97"]
[EventDate "2021.12.29"]
[EventType "swiss"]
[EventCountry "POL"]
[Tiebreak "Cut1 Buchholz"]
[SourceTitle "playchess.com"]
[Source "ChessBase"]
[SourceQuality "1"]

1. e4 e5 2. Nf3 Nc6 3. Bb5 a6 4. Ba4 Nf6 5. O-O Be7 6. d3 b5 7. Bb3 d6 8. a3
O-O 9. Nc3 Rb8 10. h3 h6 11. Re1 Re8 12. Nd5 Nxd5 13. Bxd5 Bd7 14. c3 Bf6 15.
Nh2 Ne7 16. Ba2 Ng6 17. Qh5 Be6 18. Ng4 Bg5 19. Bxg5 Qxg5 20. Qxg5 hxg5 21.
Bxe6 Rxe6 22. g3 Ree8 23. Ne3 Ne7 24. b4 a5 25. Reb1 Ra8 26. a4 axb4 27. Rxb4
bxa4 28. Raxa4 Rxa4 29. Rxa4 f6 30. Ra7 Rc8 31. Kg2 Kf7 32. Nc4 Ke6 33. d4 exd4
34. cxd4 d5 35. Ra6+ Kd7 36. exd5 Nxd5 37. Ne3 Nxe3+ 38. fxe3 Rh8 39. e4 Rb8
40. e5 fxe5 41. dxe5 Rb5 42. e6+ Ke7 43. Rc6 Re5 44. Rxc7+ Kf6 45. Rf7+ Kg6 46.
Re7 Kf6 47. Rf7+ Kg6 48. Re7 Kf6 49. Rf7+ 1/2-1/2

[Event "FIDE Open World Blitz 2021"]
[Site "Warsaw"]
[Date "2021.12.29"]
[Round "10.23"]
[White "Berchtenbreiter, Maximilian"]
[Black "Dragnev, Valentin"]
[Result "0-1"]
[WhiteElo "2506"]
[BlackElo "2396"]
[Annotator "ChessBase"]
[PlyCount "82"]
[EventDate "2021.12.29"]
[EventType "swiss"]
[EventCountry "POL"]
[Tiebreak "Cut1 Buchholz"]
[SourceTitle "playchess.com"]
[Source "ChessBase"]
[SourceQuality "1"]

1. e4 d5 2. exd5 Qxd5 3. Nc3 Qa5 4. Rb1 Nf6 5. b4 Qb6 6. d3 g6 7. Be3 Qd6 8. h3
Bg7 9. Nge2 b6 10. Qd2 Bb7 11. Ng3 O-O 12. Nge4 Qd7 13. Be2 Nc6 14. Nxf6+ exf6
15. Bf3 Rad8 16. b5 Na5 17. Bxb7 Nxb7 18. O-O Rfe8 19. Rfe1 Nd6 20. a4 Nf5 21.
Bf4 Nd4 22. Re3 c6 23. bxc6 Qxc6 24. Rbe1 Rxe3 25. Bxe3 f5 26. Bxd4 Bxd4 27.
Nb5 Bf6 28. c4 a6 29. Nc3 Qxc4 30. Re8+ Kg7 31. Rxd8 Qc7 32. Re8 Bxc3 33. Qc1
b5 34. Qa3 b4 35. Qb3 Qd7 36. Re3 f4 37. Rf3 Qe8 38. Qc4 Qxa4 39. Rxf4 Qd7 40.
g3 a5 41. d4 a4 0-1

[Event "FIDE Open World Blitz 2021"]
[Site "Warsaw"]
[Date "2021.12.29"]
[Round "10.24"]
[White "Kovalev, Vladislav"]
[Black "Heberla, Bartlomiej"]
[Result "1-0"]
[WhiteElo "2634"]
[BlackElo "2373"]
[Annotator "ChessBase"]
[PlyCount "80"]
[EventDate "2021.12.29"]
[EventType "swiss"]
[EventCountry "POL"]
[Tiebreak "Cut1 Buchholz"]
[SourceTitle "playchess.com"]
[Source "ChessBase"]
[SourceQuality "1"]

1. e4 e5 2. Nf3 Nc6 3. Bb5 a6 4. Ba4 d6 5. O-O Bd7 6. d4 exd4 7. Bxc6 Bxc6 8.
Nxd4 Bd7 9. c4 Nf6 10. Nc3 Be7 11. Qf3 O-O 12. Nf5 Bxf5 13. Qxf5 Re8 14. Re1
Qd7 15. Qxd7 Nxd7 16. Nd5 Rac8 17. Bf4 Bf8 18. Rad1 g6 19. b3 Bg7 20. f3 Nc5
21. Be3 Ne6 22. Kf2 Kf8 23. Re2 Red8 24. Rc2 Re8 25. b4 b6 26. a4 Ra8 27. Rb1
Rec8 28. Rd1 a5 29. b5 Re8 30. g4 Rac8 31. h4 Kg8 32. h5 Nf8 33. Rh1 Nd7 34.
Bg5 h6 35. Ne7+ Rxe7 36. Bxe7 g5 37. f4 f6 38. e5 gxf4 39. Rd2 d5 40. Bd8 f5
1-0

[Event "FIDE Open World Blitz 2021"]
[Site "Warsaw"]
[Date "2021.12.29"]
[Round "10.24"]
[White "Quparadze, Giga"]
[Black "Moroni, Luca Jr"]
[Result "0-1"]
[WhiteElo "2475"]
[BlackElo "2580"]
[Annotator "ChessBase"]
[PlyCount "130"]
[EventDate "2021.12.29"]
[EventType "swiss"]
[EventCountry "POL"]
[Tiebreak "Cut1 Buchholz"]
[SourceTitle "playchess.com"]
[Source "ChessBase"]
[SourceQuality "1"]

1. e4 g6 2. d4 Bg7 3. Nc3 a6 4. a4 d6 5. f4 d5 6. e5 h5 7. Nf3 Bg4 8. h3 Bxf3
9. Qxf3 e6 10. Be3 Nc6 11. Bf2 Qe7 12. Nd1 Qd7 13. c3 Nge7 14. Bd3 Bf8 15. b4
a5 16. b5 Na7 17. g4 Nac8 18. Ne3 Nb6 19. Bc2 O-O-O 20. Bh4 Kb8 21. Bf6 hxg4
22. hxg4 Rxh1+ 23. Qxh1 Rc8 24. Qh7 Qe8 25. Bd3 c5 26. Ke2 cxd4 27. cxd4 Nc4
28. Nd1 Rc7 29. Ra2 Nc8 30. f5 gxf5 31. gxf5 Bb4 32. Qh8 Qxh8 33. Bxh8 N8b6 34.
f6 Na3 35. Nb2 Nc2 36. Nd1 Nxd4+ 37. Ke3 Nb3 38. Bh7 d4+ 39. Kf4 Nd5+ 40. Kg4
Ne3+ 41. Nxe3 dxe3 42. Bg7 Nd4 43. Bd3 Rc3 44. Be2 Rc1 45. Bh6 Bd2 46. Bd3 Rg1+
47. Kh3 Rh1+ 48. Kg2 Rxh6 49. Ra1 e2 50. Bxe2 Nxe2 51. Rd1 Nf4+ 52. Kf3 Nd5 53.
Rxd2 Rh5 54. Ke4 Rh4+ 55. Kf3 Rf4+ 56. Kg3 Re4 57. Rh2 Re3+ 58. Kg4 Rxe5 59.
Rh8+ Ka7 60. Rf8 Nxf6+ 61. Kf4 Rf5+ 62. Ke3 Nd5+ 63. Kd4 Kb6 64. Rd8 Rf4+ 65.
Ke5 Rxa4 0-1

[Event "FIDE Open World Blitz 2021"]
[Site "Warsaw"]
[Date "2021.12.29"]
[Round "10.25"]
[White "Ter-Sahakyan, Samvel"]
[Black "Karjakin, Sergey"]
[Result "0-1"]
[WhiteElo "2565"]
[BlackElo "2743"]
[Annotator "ChessBase"]
[PlyCount "90"]
[EventDate "2021.12.29"]
[EventType "swiss"]
[EventCountry "POL"]
[Tiebreak "Cut1 Buchholz"]
[SourceTitle "playchess.com"]
[Source "ChessBase"]
[SourceQuality "1"]

1. e4 c5 2. Nf3 d6 3. d4 cxd4 4. Nxd4 Nf6 5. Nc3 a6 6. Bg5 Nbd7 7. Qe2 h6 8.
Bh4 g6 9. f4 Qa5 10. O-O-O Bg7 11. g4 O-O 12. Be1 Qc7 13. h4 e5 14. Nb3 exf4
15. g5 Nh5 16. Nd5 Qd8 17. Rg1 Ne5 18. gxh6 Bxh6 19. Qxh5 Kh7 20. Ba5 gxh5 21.
Bxd8 Rxd8 22. Nf6+ Kh8 23. Kb1 Bg4 24. Rd5 f3 25. Nd4 Be3 26. Rh1 Bh6 27. Nf5
Bg7 28. Nxg4 hxg4 29. h5 Bf6 30. h6 Kh7 31. Rd2 Bg5 32. Rdh2 Bf4 33. Rh4 Rg8
34. c3 Rg6 35. Kc2 Re8 36. Kb3 Bg5 37. Rh5 Bd8 38. Ng3 Bb6 39. Rf5 f6 40. Nh5
Rf8 41. Nf4 Rgg8 42. Ne6 g3 43. Nxf8+ Rxf8 44. Rh3 g2 45. Bxg2 fxg2 0-1

[Event "FIDE Open World Blitz 2021"]
[Site "Warsaw"]
[Date "2021.12.29"]
[Round "10.25"]
[White "Jakubowski, Krzysztof"]
[Black "Schneider, Ilja"]
[Result "0-1"]
[WhiteElo "2373"]
[BlackElo "2486"]
[Annotator "ChessBase"]
[PlyCount "92"]
[EventDate "2021.12.29"]
[EventType "swiss"]
[EventCountry "POL"]
[Tiebreak "Cut1 Buchholz"]
[SourceTitle "playchess.com"]
[Source "ChessBase"]
[SourceQuality "1"]

1. e4 e5 2. Nf3 d6 3. d4 exd4 4. Nxd4 Nf6 5. Nc3 Be7 6. Bc4 O-O 7. O-O Re8 8.
Re1 Bf8 9. Bg5 Nbd7 10. a4 c6 11. h3 a5 12. Ba2 h6 13. Bh4 Ne5 14. Qd2 Ng6 15.
Bg3 Nh5 16. Bh2 Qf6 17. Re3 Ne5 18. f4 Nxf4 19. Rf1 g5 20. Bxf4 gxf4 21. Rg3+
Bg7 22. Rxf4 Qe7 23. Nf5 Bxf5 24. exf5 Kh8 25. f6 Bxf6 26. Ne4 Bg7 27. Rf6 Ng6
28. Bxf7 Qxe4 29. Bxg6 Qe1+ 30. Qxe1 Rxe1+ 31. Kf2 Bxf6 32. Rf3 Bh4+ 33. g3 Re6
34. Bf5 Rf6 35. gxh4 Raf8 36. Bg4 Rxf3+ 37. Bxf3 Kg7 38. Ke3 Kf6 39. c3 Ke5 40.
b4 Rxf3+ 41. Kxf3 b6 42. bxa5 bxa5 43. Kg4 d5 44. Kh5 c5 45. Kxh6 Kf6 46. h5 d4
0-1